[Event "9th HDBank Open 2019"]
[Site "Ho Chi Minh City"]
[Date "2019.03.08"]
[Round "2.5"]
[White "Pichot, Alan"]
[Black "Cao, Sang"]
[Result "0-1"]
[WhiteElo "2584"]
[BlackElo "2385"]
[Annotator "TA"]
[PlyCount "142"]
[EventDate "2019.03.07"]
[EventType "swiss"]
[EventCountry "VIE"]
[SourceTitle "playchess.com"]
[Source "ChessBase"]
[SourceQuality "1"]

{[%evp 15,142,26,27,30,35,27,22,33,100,87,96,66,98,64,110,104,141,121,118,50,64,43,63,48,53,-25,127,147,143,122,141,52,52,48,106,102,108,16,31,42,90,58,69,70,84,8,126,104,95,76,104,18,37,41,31,20,18,0,69,0,0,0,0,0,0,-106,-90,-96,-94,-109,-98,-212,-209,-167,-214,-323,-319,-621,-625,-1587,-1583,-1684,-1477,-1664,-1555,-978,-2164,-1921,-1415,-2139,-1300,-5215,-5796,-1044,-4063,-5922,-5857,-5436,-5145,-5403,-4591,-2681,-711,-711,0,0,0,0,0,0,0,0,0,-2279,-1653,-5988,-6077,-29961,-29965,-29975,-6326,-4894,-4650,-29983,-29973,-29984,-29985,-29985,-29986]} 1. e4 c5 2. Nf3 Nc6 3. d4 cxd4 4. Nxd4 Qb6 5. Nb3 Nf6 6. Nc3 e6 7. Qe2 Bb4 8. Bd2 O-O 9. a3 {B33: Sicilian: Pelikan and Sveshnikov Variations} (9. O-O-O d5 10. exd5 exd5 11. Be3 Qc7 12. Nb5 Qd8 13. f3 a6 14. N5d4 Re8 15. Qf2 Ne5 16. Bd2 Bd6 17. Kb1 a5 18. Bb5 a4 {½-½ (76) Amonatov,F (2620)-Korobov,A (2692) Doha 2016}) 9... Bxc3 10. Bxc3 e5 11. O-O-O {The position is equal.} Rd8 (11... Re8 $14) 12. Rd6 $16 Qc7 13. Rxf6 $1 gxf6 14. Qg4+ Kf8 15. Qh4 {[%mdl 1024] [#] White has strong compensation.} Ke7 $146 ({Predecessor:} 15... d6 16. Qxf6 Be6 {½-½ (41) Kanmazalp,O (2437)-Kurajica,B (2529) Izmir 2016}) 16. f4 d6 (16... d5 $2 17. exd5 Rxd5 18. Bc4 $18) 17. Be2 (17. fxe5 $16 Nxe5 18. Be2) 17... Qb6 $14 18. Kb1 {Threatens to win with Rf1.} Qe3 19. fxe5 $1 dxe5 20. Rf1 (20. Bb5 $1 $14 Qg5 21. Qf2) 20... Rd6 $2 (20... Qg5 $11 21. Qxg5 fxg5) 21. Bc4 $16 a5 22. Bd2 $1 {[%cal Rd2e3]} (22. Qxh7 Be6 $15) 22... Qb6 23. Bg5 (23. Qxh7 Be6 $15) ({White should play} 23. Bd5 $16) 23... Nd8 $1 $14 ({Wrong is} 23... fxg5 $2 24. Rxf7+ Ke8 25. Qxh7 $18) 24. Bh6 Bd7 (24... Ke8 $14) 25. Bd5 Rc8 26. Bd2 (26. Bg7 $16) 26... Qa6 $11 27. Rf2 b6 {With the idea ...Bc6.} 28. Bc3 ({Of course not} 28. Qxh7 $6 Be6 $11) 28... Rxc3 $1 29. bxc3 b5 30. Nc5 (30. g4 $1 $16 {[%cal Rg4g5] Hoping for g5.} h6 31. Nc5 (31. Qxh6 Qb6 $14)) 30... Qc8 (30... Qb6 $11 31. Nd3 b4) 31. Nxd7 $16 Qxd7 32. g4 {Black must now prevent g5.} h6 33. Qxh6 (33. Rf3 $16) 33... Qxg4 $11 34. Qe3 Ne6 $1 35. Kb2 {And now Qa7+ would win.} Nf4 $1 36. Ba2 Qd7 (36... Qg1 $1 $11) 37. Qc5 (37. h4 $1 $14) 37... Qc6 $36 {[%mdl 2048] Black has some pressure.} 38. Qa7+ Rd7 39. Qxa5 Qxe4 40. Qb4+ (40. Qb6 $11 {keeps the balance.}) 40... Qxb4+ $17 41. cxb4 {[%mdl 4096] Endgame KRB-KRN} f5 {[#]} 42. a4 $1 {[%mdl 512]} bxa4 43. Ka3 (43. b5 $17) 43... Kf6 $19 44. b5 Ne6 $1 45. Kb4 (45. Rf1 $142 Nd4 46. b6) 45... e4 46. Bxe6 $2 (46. Rf1 Ke5 47. b6) 46... Kxe6 {KR-KR} 47. Re2 Ke5 48. c4 f4 49. c5 f3 50. Rf2 Kf4 51. c6 Rc7 52. Kc5 e3 53. b6 {[#]} Rxc6+ $1 {[%mdl 576] Promotion} 54. Kxc6 exf2 {KP-KP} 55. b7 f1=Q 56. b8=Q+ {KQ-KQ} Ke3 57. Qe5+ Kd2 58. Qa5+ Kc1 (58... Kd1 $142 59. Qxa4+ Ke1 60. Qa1+ Kf2) 59. Qc3+ {[#]} Kd1 $2 ({Better is} 59... Kb1 $1 $19 {( -> ...Qc1)} 60. Qb4+ Kc1 61. Qc3+ Kd1 62. Qa1+ Ke2 63. Qe5+ Kd2 64. Qa5+ Kd1 65. Qxa4+ Ke1) 60. Qa1+ $1 $11 Ke2 61. Qe5+ Kf2 $2 {[%mdl 8192]} (61... Kd1 $11 62. Qa1+ Ke2 63. Qe5+ Kd2 64. Qa5+ Kd1 65. Qxa4+ Ke1 66. Qh4+ Qf2) 62. Qg3+ $19 Ke3 63. Qe5+ $1 Kd2 64. Qa5+ {[#]} Kd1 $1 65. Qxa4+ Ke1 66. h4 Qd3 67. Qa5+ Kf1 (67... Kd1 $142 68. Qa1+ Kd2 69. Qa7 Qc4+ 70. Kd7 Ke2 71. Qb7 Qd3+ 72. Ke7 f2 73. Qb2+ Kf3 74. Qf6+ Kg3 75. Qxf7 Qa3+ 76. Ke8 Qa8+ 77. Kd7 Qa7+ 78. Ke8 Qxf7+ 79. Kxf7 f1=Q+ 80. Ke8 Kxh4 81. Kd7 Qb5+ 82. Kd6 Kg5 83. Kc7 Kf5 84. Kc8 Kf6 85. Kc7 Ke6 86. Kc8 Kd6 87. Kd8 Qd7#) 68. h5 f2 69. Qg5 Ke1 {Black mates.} 70. Qe5+ Kd1 71. Qa1+ Kd2 {Accuracy: White = 38%, Black = 60%.} 0-1

[Event "9th HDBank Open 2019"]
[Site "Ho Chi Minh City"]
[Date "2019.03.08"]
[Round "2.6"]
[White "Dang, Hoang Son"]
[Black "Bogdanovich, Stanislav"]
[Result "0-1"]
[WhiteElo "2385"]
[BlackElo "2536"]
[Annotator "RC"]
[PlyCount "92"]
[EventDate "2019.03.07"]
[EventType "swiss"]
[EventCountry "VIE"]
[SourceTitle "playchess.com"]
[Source "ChessBase"]
[SourceQuality "1"]
[TimeControl "5400+30"]

1. d4 {[%emt 0:00:00]} d5 {[%emt 0:00:03]} 2. c4 {[%emt 0:00:05]} c6 {[%emt 0:01:50]} 3. cxd5 {[%emt 0:01:43]} cxd5 {[%emt 0:00:17]} 4. Bf4 {[%emt 0:00:10]} Nc6 {[%emt 0:06:15]} 5. Nc3 {[%emt 0:01:38]} Nf6 {[%emt 0:07:20]} 6. Rc1 {[%emt 0:00:38]} Nh5 {[%emt 0:08:00]} 7. Bd2 {[%emt 0:05:23]} g6 {[%emt 0:08:37]} 8. e4 {[%emt 0:06:20]} Nf6 {[%emt 0:06:49]} 9. exd5 {[%emt 0:05:45]} Nxd5 {[%emt 0:00:19]} 10. Bc4 {[%emt 0:00:28]} Nb6 {[%emt 0:03:06]} 11. Bb5 {[%emt 0:07:55]} Qxd4 {[%emt 0:04:50]} 12. Nf3 {[%emt 0:05:02]} Qd8 {[%emt 0:03:05]} 13. Ne5 {[%emt 0:04:25]} Bd7 {[%emt 0:01:09]} 14. Nxd7 {[%emt 0:02:44]} Qxd7 {[%emt 0:04:03]} 15. O-O {[%emt 0:06:33]} Bg7 {[%emt 0:02:32]} 16. Be3 {[%emt 0:08:40]} Qxd1 {[%emt 0:05:06]} 17. Rfxd1 {[%emt 0:01:37]} O-O {[%emt 0:00:37]} 18. Bc5 {[%emt 0:00:22]} Rfc8 {[%emt 0:10:22]} 19. Bxb6 {[%emt 0:04:59]} Bxc3 {[%emt 0:02:49]} 20. Rxc3 {[%emt 0:02:34]} axb6 {[%emt 0:03:21]} 21. a3 {[%emt 0:00:14]} Rd8 {[%emt 0:02:59]} 22. Rcd3 {[%emt 0:07:05]} Rxd3 {[%emt 0:01:46]} 23. Rxd3 {[%emt 0:00:02]} Na7 {[%emt 0:05:14]} 24. Ba4 {[%emt 0:04:59]} Rc8 {[%emt 0:02:26]} 25. Kf1 {[%emt 0:02:29]} b5 {[%emt 0:00:57]} 26. Bd1 {[%emt 0:02:12]} Rc7 {[%emt 0:01:31]} 27. Ke1 {[%emt 0:00:46]} Nc8 {[%emt 0:00:31]} 28. Be2 {[%emt 0:09:39]} Nd6 {[%emt 0:00:35]} 29. Rb3 {[%emt 0:01:14]} Rc1+ {[%emt 0:02:41]} 30. Kd2 {[%emt 0:00:27]} Rg1 {[%emt 0:00:03]} 31. Bf3 {[%emt 0:00:30]} Rb1 {[%emt 0:00:39]} 32. Bd1 {[%emt 0:01:49]} Kg7 {[%emt 0:01:36]} 33. Kc2 {[%emt 0:00:10]} Ra1 {[%emt 0:00:02]} 34. g3 {[%emt 0:02:36]} g5 {[%emt 0:01:01]} 35. Rc3 {[%emt 0:00:47]} f5 {[%emt 0:00:47]} 36. f4 {[%emt 0:00:13]} g4 {[%emt 0:00:31]} 37. Rc5 {[%emt 0:01:00]} Kf6 {[%emt 0:00:55]} 38. Rd5 {[%emt 0:01:09]} Nc4 {[%emt 0:01:24]} 39. Rd3 {[%emt 0:00:01]} Rxd1 {[%emt 0:00:43]} 40. Rxd1 {[%emt 0:00:45]} Ne3+ {[%emt 0:00:02]} 41. Kd2 {[%emt 0:00:06]} Nxd1 {[%emt 0:00:03]} 42. Kxd1 {[%emt 0:00:03]} e5 {[%emt 0:00:16]} 43. fxe5+ {[%emt 0:02:06]} Kxe5 {[%emt 0:00:03]} 44. Kd2 {[%emt 0:00:34]} f4 {[%emt 0:00:25]} 45. Kd3 {[%emt 0:00:26]} f3 {[%emt 0:01:47]} 46. Ke3 {[%emt 0:00:13]} b4 {[%emt 0:00:36] Kd4+} 0-1

[Event "9th HDBank Open 2019"]
[Site "Ho Chi Minh City"]
[Date "2019.03.08"]
[Round "2.7"]
[White "Chanda, Sandipan"]
[Black "Pham, Chuong"]
[Result "1-0"]
[WhiteElo "2534"]
[BlackElo "2383"]
[Annotator "TA"]
[PlyCount "109"]
[EventDate "2019.03.07"]
[EventType "swiss"]
[EventCountry "VIE"]
[SourceTitle "playchess.com"]
[Source "ChessBase"]
[SourceQuality "1"]

{[%evp 16,109,24,24,21,18,29,23,22,15,0,-30,-28,-22,-27,-49,-45,-48,-46,-83,-68,-88,-46,-47,-30,-37,-30,-35,-30,-38,-39,-27,-13,-20,-13,-9,0,-15,-15,-15,-2,-10,7,17,15,0,7,0,49,41,148,145,226,213,214,202,185,158,231,218,217,210,208,209,201,189,218,207,460,462,450,404,370,474,463,447,909,364,380,367,363,363,2553,2453,29972,29973,29970,29972,29971,29972,29970,29971,29973,29970,29970,6015]} 1. d4 Nf6 2. c4 e6 3. Nc3 d5 4. cxd5 exd5 5. Bg5 c6 6. e3 Nbd7 7. Bd3 Bd6 8. Nge2 O-O 9. Qc2 h6 {D36: Queen's Gambit Declined: Exchange Variation: Main line (5 Bg5 c6 6 Qc2)} 10. Bf4 Bxf4 11. Nxf4 Nb6 $146 {White has an edge.} ({Predecessor:} 11... Re8 12. O-O a5 13. a3 Qe7 14. Rab1 b6 15. Na4 Bb7 16. b4 axb4 17. axb4 {0-1 (40) Sandipan,C (2566)-Zhou,J (2597) Sanya 2017}) 12. b4 Qd6 13. Rb1 Nc4 14. Bxc4 dxc4 15. Nfe2 Nd5 16. Nxd5 cxd5 17. Nc3 g6 {And now ...Bf5 would win.} 18. Qa4 Rd8 19. O-O h5 20. b5 Bf5 21. Rb2 h4 22. h3 Kg7 23. Qb4 Qe6 24. b6 a6 25. Na4 Rab8 26. Qc3 Re8 27. Nc5 Qf6 28. f3 Rec8 {[#] aiming for ...Rxc5!} 29. Rc1 Be6 30. a4 Rc6 31. a5 Kg8 (31... Rxc5 $5 32. dxc5 Qxc3 33. Rxc3 Rc8 $11) 32. Rd2 Qg5 (32... Rxc5 $14 33. dxc5 Qxc3 34. Rxc3 Rc8) 33. e4 $16 Qf4 {[#]} (33... Qe7 $16 {is a better defense.} 34. Qe3 Qd6) 34. Re1 $1 $18 Rd6 35. Rde2 Qg5 36. Kh1 Kh7 (36... Qf4 $16 37. Nxe6 Rxe6) 37. Qb4 {Nxb7! is the strong threat.} Qf4 38. Nxe6 Rxe6 39. exd5 Rxe2 40. Rxe2 Qxd4 {[%mdl 4096] Endgame KQR-KQR} 41. Re4 Qd1+ $2 (41... Qxd5 {was worth a try.} 42. Rxh4+ Kg7 43. Qc3+ (43. Qxc4 Rd8 $16) 43... f6) 42. Kh2 Qxd5 43. Rxh4+ Kg7 44. Qc3+ f6 45. Rxc4 {Threatens to win with Rc7+.} Rf8 (45... Qe5+ $142 46. Qxe5 fxe5 47. Rc7+ Kf6) 46. Rd4 (46. Rc7+ $142 Rf7 47. h4) 46... Qe6 47. Qc7+ Rf7 48. Qb8 Re7 $2 (48... g5 49. f4 Qf5) 49. Re4 Qd7 50. Rxe7+ {White mates.} ({Weaker is} 50. Rh4 Re8 $16) 50... Qxe7 51. Qc7 Kf8 52. Qxe7+ Kxe7 53. h4 f5 54. g4 f4 55. Kg2 {Accuracy: White = 64%, Black = 38%.} (55. Kg1 $142 Kf6 56. Kf2 Kg7 57. Ke2 Kf6 58. Kd3 Kf7 59. Kc4 Kf6 60. Kd5) 1-0

[Event "9th HDBank Open 2019"]
[Site "Ho Chi Minh City"]
[Date "2019.03.08"]
[Round "2.8"]
[White "Sukandar, Irine Kharisma"]
[Black "Gukesh D"]
[Result "0-1"]
[WhiteElo "2381"]
[BlackElo "2529"]
[Annotator "TA"]
[PlyCount "74"]
[EventDate "2019.03.07"]
[EventType "swiss"]
[EventCountry "VIE"]
[SourceTitle "playchess.com"]
[Source "ChessBase"]
[SourceQuality "1"]

{[%evp 17,74,-14,39,37,22,29,30,33,24,29,44,0,0,-77,-43,-27,-47,-42,-46,-27,-41,-45,-45,-55,-52,-145,-150,-122,-123,-136,-141,-133,-18,-89,-79,-84,-86,-131,-125,-119,-114,-168,-167,-172,-150,-154,-111,-122,-104,-345,-367,-404,-404,-378,-373,-689,-665,-595,-577]} 1. e4 c5 2. Nf3 d6 3. d4 cxd4 4. Nxd4 Nf6 5. Nc3 a6 6. f3 e6 7. Be3 Nbd7 8. Qd2 b5 9. g4 Nb6 (9... h6 $11) 10. a4 {B80: Sicilian Scheveningen: 6 g3 and 6 Be3, including English Attack} Nc4 11. Bxc4 $1 bxc4 12. g5 {White has an edge.} Nd7 13. f4 Bb7 14. O-O Nc5 {[#]} 15. f5 $146 (15. Qg2 $11 {remains equal.}) ({Predecessor:} 15. Qg2 g6 16. Rad1 Qc7 17. Qg4 h6 {0-1 (29) Anand,V (2769)-Kasparov,G (2851) Kopavogur 2000}) 15... e5 16. Nde2 $1 Nxe4 17. Nxe4 Bxe4 18. Nc3 Bb7 19. Nd5 Qd7 20. b3 Qc6 $36 {[%mdl 2048] Black is pushing.} 21. Rfd1 (21. Rad1 $15) 21... cxb3 $17 22. cxb3 Qxd5 $1 23. Qxd5 Bxd5 24. Rxd5 Be7 (24... g6 $1 $17 25. Rf1 gxf5 26. Rxf5 h6) 25. Rc1 (25. b4 $11 {keeps the balance.}) 25... Kd7 26. Rcd1 Kc6 $1 27. Kf2 Rhb8 28. R5d3 Rb7 29. Bc1 (29. Rc1+ $17 Kd7 30. Rcc3) 29... Rab8 $1 $19 30. Rh3 Rxb3 31. Rxh7 Bf8 32. f6 gxf6 33. gxf6 $2 {[#]} (33. Rxf7 $17 fxg5 34. Bxg5) 33... d5 $1 34. Rxf7 Bc5+ 35. Kg2 {[#]} Rc3 $1 36. h4 $2 (36. Bg5 Rb2+ 37. Kh1) 36... Rc2+ 37. Kh3 Rb1 {Accuracy: White = 40%, Black = 80%.} 0-1

[Event "9th HDBank Open 2019"]
[Site "Ho Chi Minh City"]
[Date "2019.03.08"]
[Round "2.9"]
[White "Xu, Yi"]
[Black "Navalgund, Niranjan"]
[Result "1-0"]
[WhiteElo "2520"]
[BlackElo "2378"]
[Annotator "TA"]
[PlyCount "49"]
[EventDate "2019.03.07"]
[EventType "swiss"]
[EventCountry "VIE"]
[SourceTitle "playchess.com"]
[Source "ChessBase"]
[SourceQuality "1"]

{[%evp 11,49,38,43,14,49,32,74,10,9,10,16,16,82,78,173,189,334,330,343,330,367,357,373,378,355,359,812,806,1509,1543,1431,1227,1634,302,1625,1603,29986,1617,29967,1586]} 1. e4 g6 2. d4 Bg7 3. Nc3 c6 4. f4 d5 5. e5 Nh6 6. Nf3 f6 7. h3 {B15: Caro-Kann: 3 Nc3: 3...g6 and 3...dxe4 4 Nxe4 Nf6 5 Nxf6+ exf6} O-O 8. Bd3 fxe5 9. fxe5 (9. dxe5 $16 Na6 10. g4) 9... c5 $11 10. dxc5 Nf7 $146 ({Predecessor:} 10... Nc6 11. O-O Nf7 12. Bb5 e6 13. Bf4 Qe7 14. Qe2 Qxc5+ 15. Be3 {1-0 (49) Areshchenko,A (2709)-Iordachescu,V (2582) Legnica 2013}) 11. Bf4 e6 (11... Nc6 $11) 12. Qe2 $36 {[%mdl 2048] White has strong initiative.} Qe7 (12... Nc6 $16) 13. h4 $18 Nd7 (13... h6 {was worth a try.} 14. g3 (14. Bxg6 Nh8 $17 {[%mdl 64] Discovered Attack}) 14... Qxc5) 14. h5 g5 15. h6 $1 Bxh6 16. Be3 Nxc5 17. Bxc5 Qxc5 {[#]} 18. Ne4 $1 {[%cal Re4c5][%mdl 512]} Qa5+ $2 (18... dxe4 19. Qxe4 Rd8) 19. c3 dxe4 20. Qxe4 {[%csl Gd3][%cal Re4h7]} Rd8 {[#]} 21. Rxh6 $1 {[%mdl 512]} Rxd3 (21... Nxh6 22. Qxh7+) 22. Qxh7+ Kf8 {And now ...Rxf3 would win.} 23. Rf6 {[%csl Gf6][%cal Rh7f7]} Rd7 24. Qh8+ Ke7 {[#]} 25. Qg8 {Accuracy: White = 68%, Black = 38%.} (25. Rxf7+ $142 $1 {[%mdl 512]} Kxf7 26. Nxg5+ Kg6 27. Qf6+ {[%mdl 64] Double Attack} Kh5 28. Nxe6 Qd8 29. Nxd8 Rxd8 30. Qxd8) 1-0

[Event "9th HDBank Open 2019"]
[Site "Ho Chi Minh City"]
[Date "2019.03.08"]
[Round "2.10"]
[White "Setyaki, Azarya Jodi"]
[Black "Nasanjargal, Urtnasan"]
[Result "1-0"]
[WhiteElo "2378"]
[BlackElo "2503"]
[Annotator "TA"]
[PlyCount "85"]
[EventDate "2019.03.07"]
[EventType "swiss"]
[EventCountry "VIE"]
[SourceTitle "playchess.com"]
[Source "ChessBase"]
[SourceQuality "1"]

{[%evp 19,85,35,32,35,48,9,61,58,64,0,14,16,10,-17,52,19,14,9,12,24,33,0,0,0,0,0,16,0,0,0,7,6,10,9,9,10,62,53,78,46,46,35,42,11,12,15,16,17,12,12,22,10,174,172,285,285,277,277,277,258,251,251,251,251,8402,8339,8164,105]} 1. e4 c5 2. Nf3 d6 3. d4 cxd4 4. Nxd4 Nf6 5. Nc3 Nc6 6. Bg5 e6 7. Qd2 a6 8. O-O-O Qc7 9. Bxf6 gxf6 10. f4 Bd7 11. Kb1 {B67: Sicilian: Richter-Rauzer: 7...a6 8 0-0-0 Bd7, lines without 9 f4 Be7} O-O-O 12. f5 Qb6 $146 (12... Ne5 $11) ({Predecessor:} 12... Kb8 13. Bc4 Nxd4 14. Qxd4 Be7 15. Bb3 Qc5 16. Qd3 h5 17. Ne2 Rdg8 18. Nf4 Qe5 {½-½ (32) Rhodes,J (2448)-Kribben,M (2651) ICCF email 2010}) 13. Nxc6 $14 {White is slightly better.} Bxc6 14. Qf4 {fxe6 is the strong threat.} (14. Bc4 $5 {[%cal Rf5e6]}) 14... d5 {White must now prevent ...Bd6.} 15. fxe6 {[%cal Re4d5][%mdl 64] Discovered Attack} Ba3 {[%csl Ga3][%cal Rb6b2]} 16. b3 {[%cal Re4d5]} Qb4 (16... Qa5 $11 17. Qxf6 dxe4) 17. Qxf6 d4 $1 18. Nd5 $1 {[%cal Rd5b4]} Bxd5 19. exd5 Rxd5 {( -> ...Qc3!)} 20. Qf3 (20. Qxh8+ Rd8 $19) ({Not} 20. exf7 $2 Qc3 $1 $19 {[%mdl 512]}) 20... fxe6 {Hoping for ...d3!} 21. Bc4 Rd6 22. Rhe1 Re8 23. c3 $36 {[%mdl 2048] White fights for an advantage.} (23. Qf7 {gets mated.} Qc3 $3 {[%mdl 512]} 24. Qxe8+ Kc7 25. Qe7+ Kc6 26. Bd5+ exd5 27. Qe8+ Kb6 28. Qd8+ Rxd8 29. Re6+ Kc5 30. Rc6+ Kxc6 31. h4 Qb2#) 23... dxc3 24. Rxd6 Qxd6 25. Qxc3 Rd8 {Threatens to win with ...Bb4.} 26. Qe5 Qxe5 27. Rxe5 $11 {[%mdl 4096] Endgame KRB-KRB} Kb8 (27... Rd2 $11) 28. Rxe6 Rc8 29. Re1 b5 30. Bd3 h6 31. g4 Rc3 32. Rd1 Be7 33. Bf5 Rh3 34. Rd2 Bb4 35. Re2 {And now g5! would win.} Bd6 $2 {[#]} (35... Kc7 $11 {and Black has nothing to worry.}) 36. g5 $1 $18 Rxh2 (36... Rh5 {was called for.}) 37. Rxh2 Bxh2 38. gxh6 {KB-KB} b4 39. Kc2 Kc7 40. Kd3 a5 41. Kc4 {White wants to mate with Kd5.} Be5 $2 (41... Kc6 42. h7 Be5) 42. Kd5 Bh8 43. Ke4 $2 {Accuracy: White = 55%, Black = 55%.} (43. Ke6 $18 {is the precise move to win.} Kc6 44. Kf7) 1-0

[Event "9th HDBank Open 2019"]
[Site "Ho Chi Minh City"]
[Date "2019.03.08"]
[Round "2.11"]
[White "Karthik Venkataraman"]
[Black "Nguyen, Dang Hong Phuc"]
[Result "1-0"]
[WhiteElo "2494"]
[BlackElo "2376"]
[Annotator "TA"]
[PlyCount "79"]
[EventDate "2019.03.07"]
[EventType "swiss"]
[EventCountry "VIE"]
[SourceTitle "playchess.com"]
[Source "ChessBase"]
[SourceQuality "1"]

{[%evp 9,79,11,10,5,20,32,5,-12,-24,-22,-7,-14,-19,-50,5,0,-10,-22,0,0,36,0,0,0,0,0,0,0,22,0,104,103,105,116,253,240,243,59,54,14,93,0,0,0,0,0,0,0,21,10,21,0,8,0,8,0,0,0,0,0,0,0,0,-9,311,310,535,532,1948,1772,1619,1581]} 1. d4 Nf6 2. Bg5 e6 3. e4 c5 4. e5 h6 5. Bc1 Nd5 (5... Nh7 6. c3 cxd4 7. cxd4 d6 8. exd6 Bxd6 9. Nf3 Nc6 10. Bd3 Nf6 11. O-O Nb4 12. Bc4 Bd7 {½-½ (65) Fier,A (2540)-Delgado Ramirez,N (2623) Curitiba 2019}) 6. c4 {A45: Trompowsky Attack} Nb6 7. Nf3 cxd4 8. Qxd4 {The position is equal.} Nc6 9. Qe4 d6 $146 ({Predecessor:} 9... d5 10. cxd5 exd5 11. Qe3 Bb4+ 12. Bd2 O-O 13. Bxb4 Nxb4 {½-½ (34) Danilov,I (2367)-Itkis,B (2447) Predeal 2006}) 10. exd6 Bxd6 11. Be3 {Threatens to win with c5.} Nd7 ({Black should try} 11... Bb4+ $15 12. Nc3 Na4) 12. Nc3 $11 Nf6 13. Qc2 Ng4 14. Bd2 Nge5 15. Nxe5 Bxe5 16. f4 Bd4 17. O-O-O Qe7 18. g4 Bd7 19. Ne4 Rc8 (19... e5 $11 20. h3 O-O-O) 20. Bc3 $16 e5 21. fxe5 Be3+ (21... Bxc3 $16 22. Nd6+ (22. Qxc3 O-O $11) 22... Kf8 23. Nxc8 (23. Qxc3 Rc7 $14) (23. bxc3 Rd8 $15) 23... Bxb2+ 24. Qxb2 Bxc8) 22. Kb1 $18 {Strongly threatening e6!} O-O 23. Qd3 $2 (23. Nd6 $1 $18) 23... Bf4 $1 $14 (23... Bxg4 24. Qxe3 Bxd1 25. Nf6+ $1 {[%mdl 512]} Kh8 26. Qe4 $18) 24. Nd6 ({Worse is} 24. Qxd7 Rcd8 $17) (24. Nf6+ $5 gxf6 25. exf6 $16) 24... Rb8 (24... Rcd8 $11) 25. Re1 (25. Bg2 $16) 25... Bxe5 $11 26. Nf5 Bxf5 27. Qxf5 {[%cal Re1e5]} g6 28. Qf3 Rfe8 29. Bg2 Qc7 30. h4 Rbd8 31. Rhf1 Bd4 32. Bxd4 Nxd4 33. Rxe8+ Rxe8 34. Qd3 Ne6 35. Qc3 b6 36. Bd5 Re7 $2 {[%mdl 8192] [#]} (36... Nf4 $1 $11 {and Black has nothing to worry.}) 37. Qf6 $1 $18 Qd7 $2 (37... b5 {keeps fighting.} 38. h5 (38. cxb5 Qd6 $18) 38... gxh5 39. gxh5 Qg3 40. Bxe6 {[%mdl 64] Overworked Piece} (40. cxb5 Rd7 $18) 40... Rxe6 41. Qxf7+ {[%mdl 64] Double Attack} Kh8) 38. h5 {White is clearly winning.} gxh5 39. gxh5 {Threatening mate with Rg1+.} Re8 40. Qxh6 {Accuracy: White = 52%, Black = 44%.} 1-0